| 000 | 01457nam a2200265 i 4500 | ||
|---|---|---|---|
| 001 | bg | ||
| 111 | 2 |
_aMiędzynarodowe Sympozjum Naukowe Studentów i Młodych Pracowników Nauki _n(18 ; _d1996 ; _cZielona Góra). |
|
| 245 | 0 | 3 |
_a18 Międzynarodowe Sympozjum Naukowe Studentów i Młodych Pracowników Nauki = _b18 Internationales Wissenschaftliches Kolloquium der Studenten und Jungen Wissenschaftler = 18 Meždunarodnyj Naučnyj Simpozium Studentov i Molodych Naučnych Rabotnikov : Zielona Góra, kwiecień 1996. _nT. 1, _pZarządzanie = Management = Management / _c[kol. red. Mariusz Mikołajewski et al.] ; Wyższa Szkoła Inżynierska w Zielonej Górze. |
| 246 | 1 | 1 | _aInternationales Wissenschaftliches Kolloquium der Studenten und Jungen Wissenschaftler, 18 |
| 246 | 1 | 1 | _aMeždunarodnyj Naučnyj Simpozium Studentov i Molodych Naučnych Rabotnikov, 18 |
| 260 |
_aZielona Góra : _bWSI, _c1996. |
||
| 300 |
_a173 s. : _bfot., rys., wykr. ; _c24 cm. |
||
| 500 | _aTekst częśc. ang., niem., ros. | ||
| 504 | _aBibliogr., rez., summ., Zsfassung przy ref. | ||
| 650 | 9 |
_aProdukcja _xorganizacja _xautomatyzacja |
|
| 650 | 9 |
_aSamochody _xbudowa i konstrukcje |
|
| 650 | 9 | _aTechnologia | |
| 655 | _aMateriały konferencyjne | ||
| 700 | 1 |
_aMikołajewski, Mariusz. _eRed. |
|
| 040 | _cBPK | ||
| 041 | 0 |
_aplenderu _benderu |
|
| 080 | _a62+69+504.05+681.322.004+658.1/.5.012::66/69](061.3) | ||
| 942 | _cKS | ||
| 008 | s pl f |000 0 pol | ||
| 999 |
_c31160 _d31160 |
||
| 856 |
_uhttp://koha.tu.koszalin.pl/cgi-bin/koha/opac-detail.pl?biblionumber=31160 _yKatalog online BPK |
||